Guglielmo 2. : l'ultimo Kaiser /
Na minha lista:
| Autor principal: | |
|---|---|
| Outros Autores: | |
| Formato: | Livro |
| Idioma: | Língua italiana |
| Publicado em: |
Milano :
Mondadori,
1998
|
| Colecção: | Oscar storia ;
153 |
| Assuntos: | |
| Tags: |
Sem tags, seja o primeiro a adicionar uma tag!
|
MARC
| LEADER | 00000nam a2200000 i 4500 | ||
|---|---|---|---|
| 001 | IT\ICCU\LO1\0457577 | ||
| 003 | ItRI | ||
| 005 | 20240417203235.0 | ||
| 008 | 980424s1998 it |||||| ||||| |||||c | ||
| 015 | |2 IT |a 98-11094 | ||
| 020 | |a 8804442670 | ||
| 040 | |b ita |c GP | ||
| 041 | 7 | |a ita |2 ISO-639-2 | |
| 082 | |a 943.084092 |2 20 | ||
| 100 | 1 | |a Herre, Franz |0 IT\ICCU\CFIV\042060 |4 aut | |
| 240 | 1 | 0 | |a Kaiser Wilhelm 2. |9 Herre, Franz |
| 245 | 1 | 0 | |a Guglielmo 2. : |b l'ultimo Kaiser / |c Franz Herre ; traduzione di Anna Martini. |
| 260 | |a Milano : |b Mondadori, |c 1998 | ||
| 300 | |a 442 p. ; |c 20 cm | ||
| 650 | 7 | |a Guglielmo II <imperatore di Germania> | |
| 700 | 1 | |a Martini, Anna, |d (1963- ) |0 IT\ICCU\CFIV\032556 | |
| 830 | 0 | |a Oscar storia ; |v 153 |0 IT\ICCU\CFI\0167113 | |
| 942 | |2 ddc |c BK | ||
| 952 | |0 0 |1 0 |2 ddc |4 0 |6 943_084000000000000_HER |7 1 |9 1259 |a RM |b RM |d 2024-04-17 |l 0 |o 943.084 HER |p 399 |r 2024-04-17 20:33:11 |w 2024-04-17 |y BK | ||
| 981 | 1 | |6 z01 |a i |b xxxe | |
| 982 | 1 | |6 z01 |a n | |
| 999 | |c 1161 |d 1161 | ||